| 000 | 00996nam a2200289Ia 4500 | ||
|---|---|---|---|
| 003 | OSt | ||
| 005 | 20221007123446.0 | ||
| 006 | a|||||r|||| 00| 0 | ||
| 007 | ta | ||
| 008 | 221006b |||||||| |||| 00| 0 eng d | ||
| 020 |
_a052152086X (pbk) _cRs.1,890.00 |
||
| 024 | _a11862 | ||
| 037 |
_bAshutosh, _cTextual |
||
| 040 |
_aPAPL _cPAPL _beng |
||
| 041 |
_2eng _aeng |
||
| 082 | _aCN1, P3 | ||
| 100 |
_aLevi A F J _9464712 |
||
| 245 | 0 | _aApplied quantum mechanics by A F J Levi | |
| 260 |
_aCambridge _bCamridge University Press _c2003 |
||
| 300 |
_axv, 523p _ccm. |
||
| 490 | _vInclude CD-ROM | ||
| 500 | _aAppendix A-F, 501-517p; Index 518-523p; ^n23/CSL/CARPA/2003-2004/1312(B)^d2004-02-17^mPurchase; ; 2003-04/817^b2004-03-01^c253^d2004-02-19^eRs.1,701.00^fAshutosh Technical Books; ; 2004-06-07^bSB^c2004-06-07^dVinay | ||
| 650 | _a Quantum mechanics | ||
| 650 | _aPhysics | ||
| 942 |
_hCN1, P3 _cTEXL _2CC |
||
| 999 |
_c1211923 _d1211923 |
||